| 000 | 00383pab a2200145 454500 | ||
|---|---|---|---|
| 008 | 180718b1989 xxu||||| |||| 00| 0 eng d | ||
| 100 | _aManimala, Mathew J. | ||
| 245 |
_aEmergence of pioneering innovative (PI) entrepreneurship _bA psychological model |
||
| 260 | _c1989 | ||
| 300 | _a85-112 | ||
| 362 | _aSpring | ||
| 650 | _aEntrepreneurship | ||
| 773 | _aAbhigyan | ||
| 909 | _a7641 | ||
| 999 |
_c7641 _d7641 |
||